• 首页
  • 本馆介绍
  • 公告通知
  • 最新文献
  • 馆藏检索
  • 电子资源
  • 读者导购
  • 参考咨询
  • 我的图书馆
  • 登录
  • 详细信息显示
  • 放入我的书架
  • 预约/预借图书
  • 作者相关作品
  • 分类相关作品
  • 丛书相关作品
  • 出版社相关作品

书目信息

  • 表格格式
  • 工作单格式
  • 卡片格式
题名:
大话西方艺术史
    
 
作者: 意公子 著
分册:  
出版信息: 海口   海南出版社  2020.1
页数: 307页
开本: 23cm
丛书名:
单 册:
中图分类: J110.95 , J110.95
科图分类:
主题词: 艺术史--西方国家
电子资源:
ISBN: 978-7-5443-9144-3
000 01076nam0 2200277 45
001 490120
005 20140817184251.0
010    @a978-7-5443-9144-3@dCNY78.00
099    @aCAL 012020029073
100    @a20200317d2020 em y0chiy0110 ea
101 0  @achi
102    @aCN@b460000
105    @aa z 000yy
106    @ar
200 1  @a大话西方艺术史@Ada hua xi fang yi shu shi@d= Western art history for dummies@f意公子著@zeng
210    @a海口@c海南出版社@d2020.1
215    @a307页@c彩图@d23cm
314    @a意公子, 是当下深受大众喜爱的艺术自媒体“意外艺术”创始人。
330    @a本书是对艺术知识的普及类读本, 全书从艺术的起源、西方文明的源头出发, 经过文艺复兴、巴洛克与洛可可、新古典主义、浪漫派, 再到印象派、20世纪之后的现当代艺术, 这些名目繁多的流派、艺术家和代表作被作者用有趣直白的文字、轻松活泼的语言逐一串联解读。
510 1  @aWestern art history for dummies@zeng
606 0  @a艺术史@x西方国家
690    @aJ110.95@v5
690    @aJ110.95@v5
701  0 @a意公子@Ayi gong zi@4著
801    @aCN@b江苏凤凰@c20211018
905    @b1355709-12@dJ110.95@e172@f4
    
    大话西方艺术史= Western art history for dummies/意公子著.-海口:海南出版社,2020.1
    307页:彩图;23cm
    
    
    ISBN 978-7-5443-9144-3:CNY78.00
    本书是对艺术知识的普及类读本, 全书从艺术的起源、西方文明的源头出发, 经过文艺复兴、巴洛克与洛可可、新古典主义、浪漫派, 再到印象派、20世纪之后的现当代艺术, 这些名目繁多的流派、艺术家和代表作被作者用有趣直白的文字、轻松活泼的语言逐一串联解读。
●
相关链接 在E读中查询图书 在五车中查询图书 在当当中查询图书 在豆瓣中查询图书


正题名:大话西方艺术史     索取号:J110.95/172         预约/预借

序号 登录号 条形码 馆藏地/架位号 状态 备注
1 1355709   213557097   第一样本阅览室/ [索取号:J110.95/172] 在馆    
2 1355710   213557104   第一借阅区/ [索取号:J110.95/172] 在馆    
3 1355711   213557113   第一借阅区/ [索取号:J110.95/172] 在馆    
4 1355712   213557122   第一借阅区/ [索取号:J110.95/172] 在馆    
唐山师范学院图书馆 欢迎您!
大连网信软件有限公司© 版权所有